Normal view
MARC view
- Civilization, Modern
Entry Topical Term
001 - CONTROL NUMBER
- control field: 11392
003 - CONTROL NUMBER IDENTIFIER
- control field: NUST
005 - DATE AND TIME OF LATEST TRANSACTION
- control field: 20180703052840.0
008 - FIXED-LENGTH DATA ELEMENTS
- fixed length control field: 180703|| aca||aabn | a|a d
040 ## - CATALOGING SOURCE
- Original cataloging agency: NUST
- Transcribing agency: NUST
150 ## - HEADING--TOPICAL TERM
- Topical term or geographic name entry element: Civilization, Modern
- General subdivision: Psychological aspects.
670 ## - SOURCE DATA FOUND
- Source citation: Work cat.: (NUST)0: Giddens, Anthony. 11389, Modernity and self-identity :, 1991.
